<?xml version="1.0" encoding="UTF-8"?>
<record
    xmlns:xsi="http://www.w3.org/2001/XMLSchema-instance"
    xsi:schemaLocation="http://www.loc.gov/MARC21/slim http://www.loc.gov/standards/marcxml/schema/MARC21slim.xsd"
    xmlns="http://www.loc.gov/MARC21/slim">

  <leader>02141cam a22004334a 4500</leader>
  <controlfield tag="001">180204944</controlfield>
  <controlfield tag="003">OCoLC</controlfield>
  <controlfield tag="005">20150408114118.0</controlfield>
  <controlfield tag="008">071026s2008    enka     f    001 0 eng  </controlfield>
  <datafield tag="010" ind1=" " ind2=" ">
    <subfield code="a">2007044670</subfield>
  </datafield>
  <datafield tag="020" ind1=" " ind2=" ">
    <subfield code="a">9780195343373 (pbk. : alk. paper)</subfield>
  </datafield>
  <datafield tag="020" ind1=" " ind2=" ">
    <subfield code="a">0195343379 (pbk. : alk. paper)</subfield>
  </datafield>
  <datafield tag="035" ind1=" " ind2=" ">
    <subfield code="a">(OCoLC)180204944</subfield>
  </datafield>
  <datafield tag="040" ind1=" " ind2=" ">
    <subfield code="a">DNLM/DLC</subfield>
    <subfield code="c">DLC</subfield>
    <subfield code="d">BTCTA</subfield>
    <subfield code="d">BAKER</subfield>
    <subfield code="d">YDXCP</subfield>
    <subfield code="d">C#P</subfield>
  </datafield>
  <datafield tag="042" ind1=" " ind2=" ">
    <subfield code="a">pcc</subfield>
  </datafield>
  <datafield tag="050" ind1="0" ind2="0">
    <subfield code="a">RF56</subfield>
    <subfield code="b">.O94 2008</subfield>
  </datafield>
  <datafield tag="060" ind1="1" ind2="0">
    <subfield code="a">WV 39</subfield>
    <subfield code="b">O98 2008</subfield>
  </datafield>
  <datafield tag="082" ind1="0" ind2="0">
    <subfield code="a">617.5/1</subfield>
    <subfield code="2">22</subfield>
  </datafield>
  <datafield tag="245" ind1="0" ind2="0">
    <subfield code="a">Oxford American handbook of otolaryngology /</subfield>
    <subfield code="c">Andrew Blitzer ... [et al.]</subfield>
  </datafield>
  <datafield tag="246" ind1="3" ind2="0">
    <subfield code="a">Handbook of otolaryngology.</subfield>
  </datafield>
  <datafield tag="260" ind1=" " ind2=" ">
    <subfield code="a">Oxford ;</subfield>
    <subfield code="a">New York :</subfield>
    <subfield code="b">Oxford University Press,</subfield>
    <subfield code="c">c2008.</subfield>
  </datafield>
  <datafield tag="300" ind1=" " ind2=" ">
    <subfield code="a">xix, 441 p. :</subfield>
    <subfield code="b">ill. ;</subfield>
    <subfield code="c">19 cm.</subfield>
  </datafield>
  <datafield tag="440" ind1=" " ind2="0">
    <subfield code="a">Oxford American handbooks.</subfield>
  </datafield>
  <datafield tag="440" ind1=" " ind2="0">
    <subfield code="a">Oxford medical publications.</subfield>
    <subfield code="9">17607</subfield>
  </datafield>
  <datafield tag="500" ind1=" " ind2=" ">
    <subfield code="a">Based on: Oxford handbook of ENT and head and neck surgery / Rogan Corbridge and Nicholas Steventon. 2006.</subfield>
  </datafield>
  <datafield tag="500" ind1=" " ind2=" ">
    <subfield code="a">Includes index.</subfield>
  </datafield>
  <datafield tag="504" ind1=" " ind2=" ">
    <subfield code="a">Includes bibliographical references and index.</subfield>
  </datafield>
  <datafield tag="505" ind1="0" ind2=" ">
    <subfield code="a">The ENT examination -- Common methods of presentation -- Investigations in ENT -- The mouth, tonsils, and adenoids -- The nose and sinuses -- The salivary glands -- The larynx -- The esophagus -- The neck -- The thyroid and parathryoid -- The external ear -- The middle ear -- The inner ear -- The skull base -- Facial plastic surgery and reconstruction -- Common operations -- Ward care --  Practical procedures -- ENT emergencies -- Glossary of ENT terms and eponyms.</subfield>
  </datafield>
  <datafield tag="650" ind1=" " ind2="0">
    <subfield code="a">Otolaryngology</subfield>
    <subfield code="v">Handbooks, manuals, etc.</subfield>
    <subfield code="9">21368</subfield>
  </datafield>
  <datafield tag="650" ind1=" " ind2="0">
    <subfield code="a">Head</subfield>
    <subfield code="x">Surgery</subfield>
    <subfield code="v">Handbooks, manuals, etc.</subfield>
    <subfield code="9">21369</subfield>
  </datafield>
  <datafield tag="650" ind1=" " ind2="0">
    <subfield code="a">Neck</subfield>
    <subfield code="x">Surgery</subfield>
    <subfield code="v">Handbooks, manuals, etc.</subfield>
    <subfield code="9">21370</subfield>
  </datafield>
  <datafield tag="650" ind1=" " ind2="2">
    <subfield code="a">Otorhinolaryngologic Diseases</subfield>
    <subfield code="v">Handbooks.</subfield>
    <subfield code="9">21371</subfield>
  </datafield>
  <datafield tag="650" ind1=" " ind2="2">
    <subfield code="a">Head</subfield>
    <subfield code="x">surgery</subfield>
    <subfield code="v">Handbooks.</subfield>
    <subfield code="9">21372</subfield>
  </datafield>
  <datafield tag="650" ind1=" " ind2="2">
    <subfield code="a">Neck</subfield>
    <subfield code="x">surgery</subfield>
    <subfield code="v">Handbooks.</subfield>
    <subfield code="9">21373</subfield>
  </datafield>
  <datafield tag="650" ind1=" " ind2="2">
    <subfield code="a">Otorhinolaryngologic Surgical Procedures</subfield>
    <subfield code="v">Handbooks.</subfield>
    <subfield code="9">21374</subfield>
  </datafield>
  <datafield tag="700" ind1="1" ind2=" ">
    <subfield code="a">Blitzer, Andrew.</subfield>
    <subfield code="9">21375</subfield>
  </datafield>
  <datafield tag="700" ind1="1" ind2=" ">
    <subfield code="a">Corbridge, Rogan J.</subfield>
    <subfield code="t">Oxford handbook of ENT and head and neck surgery.</subfield>
    <subfield code="9">21376</subfield>
  </datafield>
  <datafield tag="942" ind1=" " ind2=" ">
    <subfield code="2">ddc</subfield>
    <subfield code="c">DVD</subfield>
  </datafield>
  <datafield tag="999" ind1=" " ind2=" ">
    <subfield code="c">27913</subfield>
    <subfield code="d">262413</subfield>
  </datafield>
  <datafield tag="952" ind1=" " ind2=" ">
    <subfield code="1">0</subfield>
    <subfield code="2">2013-03-10</subfield>
    <subfield code="4">0</subfield>
    <subfield code="7">0</subfield>
    <subfield code="a">617.51 OXA</subfield>
    <subfield code="c">n1</subfield>
    <subfield code="d">2013-02-11</subfield>
    <subfield code="h">CL</subfield>
    <subfield code="i">00450263</subfield>
    <subfield code="m">CL</subfield>
    <subfield code="q">2017-09-17</subfield>
    <subfield code="r">2017-09-17 00:00:00</subfield>
    <subfield code="s">2017-12-16</subfield>
    <subfield code="t">BOOK</subfield>
    <subfield code="w">ddc</subfield>
    <subfield code="y">1</subfield>
  </datafield>
  <datafield tag="952" ind1=" " ind2=" ">
    <subfield code="1">0</subfield>
    <subfield code="2">2013-03-10</subfield>
    <subfield code="4">0</subfield>
    <subfield code="7">0</subfield>
    <subfield code="a">617.51 OXA</subfield>
    <subfield code="c">n2</subfield>
    <subfield code="d">2013-02-11</subfield>
    <subfield code="h">CL</subfield>
    <subfield code="i">00450262</subfield>
    <subfield code="m">CL</subfield>
    <subfield code="r">2013-03-10 00:00:00</subfield>
    <subfield code="t">BOOK</subfield>
    <subfield code="w">ddc</subfield>
    <subfield code="y">0</subfield>
  </datafield>
  <datafield tag="952" ind1=" " ind2=" ">
    <subfield code="1">0</subfield>
    <subfield code="2">2013-03-10</subfield>
    <subfield code="4">0</subfield>
    <subfield code="7">0</subfield>
    <subfield code="a">617.51 OXA</subfield>
    <subfield code="c">n3</subfield>
    <subfield code="d">2013-02-11</subfield>
    <subfield code="h">CL</subfield>
    <subfield code="i">00450260</subfield>
    <subfield code="m">CL</subfield>
    <subfield code="r">2013-03-10 00:00:00</subfield>
    <subfield code="t">BOOK</subfield>
    <subfield code="w">ddc</subfield>
    <subfield code="y">0</subfield>
  </datafield>
</record>
